[Event "CZE-ch blitz (Women)"]
[Site "Prague"]
[Date "2012.12.15"]
[Round "12"]
[White "Mareckova, Martina"]
[Black "Sabolova, Gabriela"]
[Result "0-1"]
[WhiteElo "2080"]
[BlackElo "1899"]
[PlyCount "96"]
[EventDate "2012.12.15"]
[EventType "swiss (blitz)"]
[EventRounds "13"]
[EventCountry "CZE"]
[SourceTitle "CBM 152 Extra"]
[Source "ChessBase"]
[SourceDate "2013.02.25"]
[SourceVersion "1"]
[SourceVersionDate "2013.02.25"]
[SourceQuality "1"]

1. e4 e5 2. Nf3 Nc6 3. Bc4 Nf6 4. d3 Be7 5. c3 0-0 6. Bb3 d6 7. Nbd2 Be6 8. Nf1 d5 9. Qe2 dxe4 10. dxe4 h6 11. Ng3 Qd7 12. 0-0 Bc5 13. h3 Rad8 14. Bc2 a6 15. Nh4 Kh7 16. Nhf5 b5 17. Nh5 Nxh5 18. Qxh5 Bxf5 19. exf5 f6 20. Qg6+ Kh8 21. Be4 Ne7 22. Qg4 c6 23. Qh5 Qc7 24. b4 Bb6 25. Be3 Nd5 26. Bxb6 Qxb6 27. Bxd5 cxd5 28. Kh1 Rc8 29. Rac1 Rc4 30. Qf3 Rd8 31. Rfd1 Qc6 32. g4 Rf4 33. Qg2 Qc4 34. Rd2 d4 35. h4 Rc8 36. g5 Rxh4+ 37. Kg1 hxg5 38. Qf3 dxc3 39. Rd3 Rg4+ 40. Kh1 Rh4+ 41. Kg1 g4 42. Qe3 Qc6 43. f3 gxf3 44. Qxf3 Qc4 45. Rdxc3 Qd4+ 46. Kg2 Qd2+ 47. Kf1 Rxc3 48. Rxc3 Rf4 0-1

[Event "CZE-chT2D 1112"]
[Site "Czech Republic"]
[Date "2012.04.22"]
[Round "11"]
[White "Pakosta, Miroslav"]
[Black "Sabolova, Gabriela"]
[Result "1-0"]
[WhiteElo "2161"]
[BlackElo "1917"]
[PlyCount "33"]
[EventDate "2011.10.09"]
[EventType "team-tourn"]
[EventRounds "11"]
[EventCountry "CZE"]
[SourceTitle "EXT 2013"]
[Source "ChessBase"]
[SourceDate "2012.11.22"]
[SourceVersion "1"]
[SourceVersionDate "2012.11.22"]
[SourceQuality "1"]
[WhiteTeam "Brno Lokomotiva"]
[BlackTeam "Vysoke Myto"]
[WhiteTeamCountry "CZE"]
[BlackTeamCountry "CZE"]

1. e4 e5 2. Nf3 Nc6 3. d4 exd4 4. Bc4 Nf6 5. 0-0 Nxe4 6. Re1 d5 7. Nc3 Be6 8. Nxd4 Nxd4 9. Nxd5 Nxc2 10. Qxc2 Bxd5 11. Bxd5 Qxd5 12. Rxe4+ Be7 13. Qe2 Qd7 14. Bg5 f6 15. Rd1 Qc6 16. Rxe7+ Kf8 17. Rdd7 1-0

[Event "Kouty nad Desnou op-A"]
[Site "Kouty nad Desnou"]
[Date "2012.03.14"]
[Round "6"]
[White "Kaluzny, Matyas"]
[Black "Sabolova, Gabriela"]
[Result "1-0"]
[WhiteElo "1782"]
[BlackElo "1926"]
[PlyCount "162"]
[EventDate "2012.03.10"]
[EventType "swiss"]
[EventRounds "9"]
[EventCountry "CZE"]
[SourceTitle "EXT 2013"]
[Source "ChessBase"]
[SourceDate "2012.11.22"]
[SourceVersion "1"]
[SourceVersionDate "2012.11.22"]
[SourceQuality "1"]

1. e4 e5 2. f4 d5 3. exd5 e4 4. d3 Nf6 5. Nc3 Bb4 6. Bd2 e3 7. Bxe3 Bxc3+ 8. bxc3 Nxd5 9. Bd2 Qf6 10. Ne2 Bg4 11. c4 Ne7 12. Qc1 0-0 13. Bc3 Qh4+ 14. g3 Qh5 15. Kf2 Nf5 16. Qd2 Re8 17. Re1 Nc6 18. Bg2 Ne3 19. Bxc6 bxc6 20. Nd4 Nf5 21. Nxf5 Qxf5 22. Re5 Rxe5 23. Bxe5 Re8 24. Re1 Qh5 25. h4 Re6 26. Bd4 c5 27. Rxe6 Bxe6 28. Be5 c6 29. Qe2 Bg4 30. Qe3 Bd1 31. Bd6 h6 32. c3 Qf5 33. Qe8+ Kh7 34. Qe4 Qxe4 35. dxe4 Kg6 36. Bxc5 a5 37. Ke3 Kf6 38. Bd4+ Ke6 39. Bxg7 h5 40. Kd4 a4 41. f5+ Kd6 42. c5+ Kd7 43. Be5 Ke7 44. Bf4 Bc2 45. Be3 Bd1 46. Ke5 Be2 47. Bg5+ Kd7 48. Kf6 Ke8 49. e5 Bc4 50. Kg7 Bxa2 51. Kh6 Bb1 52. Kxh5 a3 53. Bc1 a2 54. Bb2 Bxf5 55. Kg5 Be6 56. h5 Kf8 57. Kf6 Kg8 58. Ke7 Kh7 59. Kd6 Bd5 60. g4 Kh6 61. c4 Bf3 62. Ke7 Bxg4 63. Kxf7 Bxh5+ 64. Ke7 Kg6 65. Kd7 Kf5 66. Kxc6 Ke6 67. Kb6 Kd7 68. c6+ Kc8 69. Kc5 Kc7 70. e6 Be8 71. Be5+ Kd8 72. Kd6 Kc8 73. c7 Bg6 74. Ke7 Bh5 75. Kf8 Bg6 76. e7 Kd7 77. c8Q+ Kxc8 78. e8Q+ Bxe8 79. Kxe8 Kb7 80. Kd7 Kb6 81. Kd6 Kb7 1-0

[Event "Kouty nad Desnou op-A"]
[Site "Kouty nad Desnou"]
[Date "2012.03.12"]
[Round "3"]
[White "Sabolova, Gabriela"]
[Black "Macek, Oldrich"]
[Result "1-0"]
[WhiteElo "1926"]
[BlackElo "1618"]
[PlyCount "63"]
[EventDate "2012.03.10"]
[EventType "swiss"]
[EventRounds "9"]
[EventCountry "CZE"]
[SourceTitle "EXT 2013"]
[Source "ChessBase"]
[SourceDate "2012.11.22"]
[SourceVersion "1"]
[SourceVersionDate "2012.11.22"]
[SourceQuality "1"]

1. e4 c5 2. Nc3 d6 3. g3 Nf6 4. Bg2 g6 5. f4 Bg4 6. Nf3 Nc6 7. h3 Bxf3 8. Bxf3 Bg7 9. 0-0 Qd7 10. Kh2 h5 11. Bg2 Rb8 12. d3 b5 13. Be3 e5 14. f5 gxf5 15. Rxf5 Nd4 16. Rf2 Ne6 17. Qd2 b4 18. Nd5 Nxd5 19. exd5 Nd4 20. Raf1 f6 21. c3 bxc3 22. bxc3 Nb5 23. Be4 Ke7 24. Bf5 Qc7 25. a4 Na3 26. Qa2 Nb5 27. axb5 Rxb5 28. d4 c4 29. dxe5 dxe5 30. d6+ Qxd6 31. Qxa7+ Kf8 32. Rd2 1-0

[Event "Kouty nad Desnou op-A"]
[Site "Kouty nad Desnou"]
[Date "2012.03.11"]
[Round "2"]
[White "Rezac, Jindrich"]
[Black "Sabolova, Gabriela"]
[Result "1/2-1/2"]
[WhiteElo "1820"]
[BlackElo "1926"]
[PlyCount "51"]
[EventDate "2012.03.10"]
[EventType "swiss"]
[EventRounds "9"]
[EventCountry "CZE"]
[SourceTitle "EXT 2013"]
[Source "ChessBase"]
[SourceDate "2012.11.22"]
[SourceVersion "1"]
[SourceVersionDate "2012.11.22"]
[SourceQuality "1"]

1. d4 Nf6 2. c4 g6 3. Nc3 Bg7 4. e4 d6 5. f4 0-0 6. Nf3 Nbd7 7. Bd3 Re8 8. 0-0 e5 9. fxe5 dxe5 10. d5 Nc5 11. Bc2 a5 12. Be3 b6 13. h3 h6 14. a3 Bb7 15. b4 axb4 16. axb4 Rxa1 17. Qxa1 Na6 18. Qb2 Qe7 19. Rb1 Bc8 20. Na4 Nd7 21. b5 Nac5 22. Nxc5 Nxc5 23. Qb4 Bf8 24. Ra1 f5 25. exf5 gxf5 26. Qe1 1/2-1/2

[Event "Kouty nad Desnou op-A"]
[Site "Kouty nad Desnou"]
[Date "2012.03.10"]
[Round "1"]
[White "Sabolova, Gabriela"]
[Black "Folwarczny, Marek"]
[Result "1/2-1/2"]
[WhiteElo "1926"]
[BlackElo "1669"]
[PlyCount "110"]
[EventDate "2012.03.10"]
[EventType "swiss"]
[EventRounds "9"]
[EventCountry "CZE"]
[SourceTitle "EXT 2013"]
[Source "ChessBase"]
[SourceDate "2012.11.22"]
[SourceVersion "1"]
[SourceVersionDate "2012.11.22"]
[SourceQuality "1"]

1. e4 e5 2. Nf3 Nc6 3. Bc4 Nf6 4. d3 Be7 5. c3 0-0 6. 0-0 d6 7. Nbd2 Na5 8. Bb5 a6 9. Ba4 b5 10. Bc2 c5 11. Re1 Nc6 12. Nf1 Ne8 13. Ng3 Be6 14. d4 exd4 15. cxd4 Bg4 16. Be3 cxd4 17. Bxd4 Bxf3 18. gxf3 Nxd4 19. Qxd4 Bf6 20. Qb4 Be5 21. a4 Nc7 22. axb5 Nxb5 23. Rad1 Qf6 24. Nf5 Bxb2 25. Re3 Be5 26. Kh1 Bf4 27. Red3 g6 28. Ng3 Rfc8 29. Bb3 Rab8 30. Qa5 Nc3 31. Qxa6 Nxd1 32. Bxd1 Ra8 33. Qb7 Rcb8 34. Qd5 Qe5 35. Qc6 Qb5 36. Qxb5 Rxb5 37. Bb3 Kg7 38. Kg2 Ra3 39. Bc4 Rxd3 40. Bxd3 Rb3 41. Bc4 Rb2 42. Ne2 Bd2 43. f4 Bb4 44. f3 Bc5 45. Kg3 Kf8 46. h3 Kg7 47. Ba6 h6 48. Bc4 Bb4 49. Kg2 Bd2 50. Kg3 Be1+ 51. Kg2 Bh4 52. Kf1 Rb4 53. Bd5 Rb1+ 54. Kg2 Rb2 55. Kf1 Rb1+ 1/2-1/2

[Event "Teplice op 3rd"]
[Site "Teplice"]
[Date "2008.06.18"]
[Round "5"]
[White "Dolezal, Radoslav1111"]
[Black "Sabolova, Gabriela"]
[Result "1/2-1/2"]
[WhiteElo "2023"]
[BlackElo "1780"]
[PlyCount "111"]
[EventDate "2008.06.14"]
[EventType "swiss"]
[EventRounds "9"]
[EventCountry "CZE"]
[SourceTitle "CBM 125 Extra"]
[Source "ChessBase"]
[SourceDate "2008.09.01"]
[SourceVersion "1"]
[SourceVersionDate "2008.09.01"]
[SourceQuality "1"]

1. e4 e5 2. Nf3 Nc6 3. Bb5 a6 4. Ba4 Nf6 5. 0-0 b5 6. Bb3 Be7 7. Re1 0-0 8. a4 b4 9. c3 bxc3 10. bxc3 d6 11. h3 Na5 12. Bc2 c5 13. d4 Qc7 14. Nbd2 Rb8 15. Nf1 Bd7 16. Ne3 Rfc8 17. Re2 Bf8 18. dxe5 dxe5 19. Nd5 Nxd5 20. exd5 f6 21. Qd3 g6 22. Qxa6 Bg7 23. Qd3 c4 24. Qd1 Nb3 25. Ra2 Qa5 26. Bb2 Rc5 27. Nd2 Rxd5 28. Qe1 Nxd2 29. Rxd2 Bc6 30. Rxd5 Qxd5 31. f3 Ra8 32. Bc1 Qd7 33. Qd1 Qa7+ 34. Kh2 Qa5 35. Qd6 Be8 36. Qb4 Qc7 37. Ba3 e4+ 38. Qd6 Qxd6+ 39. Bxd6 e3 40. a5 f5 41. Kg1 Bxc3 42. Kf1 Rxa5 43. Rxa5 Bxa5 44. Ke2 Kf7 45. Kxe3 Ke6 46. Bc5 Kd5 47. Ba7 Bb5 48. g4 fxg4 49. Be4+ Kd6 50. fxg4 Ba4 51. Kd4 c3 52. Bb8+ Ke6 53. Bf4 c2 54. h4 Bb6+ 55. Kc3 Ba5+ 56. Kd4 1/2-1/2

[Event "CZE-ch U16 Girls"]
[Site "Sec u Chrudimi"]
[Date "2008.03.14"]
[Round "8"]
[White "Sabolova, Gabriela"]
[Black "Petrova, Kristyna"]
[Result "0-1"]
[WhiteElo "1752"]
[BlackElo "2079"]
[PlyCount "108"]
[EventDate "2008.03.08"]
[EventType "swiss"]
[EventRounds "9"]
[EventCountry "CZE"]
[SourceTitle "EXT 2009"]
[Source "ChessBase"]
[SourceDate "2008.11.26"]
[SourceVersion "1"]
[SourceVersionDate "2008.11.26"]
[SourceQuality "1"]

1. e4 c5 2. c3 Nf6 3. e5 Nd5 4. d4 cxd4 5. Nf3 Nc6 6. cxd4 d6 7. Bc4 Nb6 8. Bb5 dxe5 9. Nxe5 Bd7 10. Bxc6 Bxc6 11. Nxc6 bxc6 12. 0-0 e6 13. Nc3 Be7 14. Bf4 Bf6 15. Be5 Bxe5 16. dxe5 Qxd1 17. Nxd1 0-0-0 18. Rc1 Rd5 19. f4 Rhd8 20. Nc3 Rd2 21. b3 Kb8 22. Rf2 Rxf2 23. Kxf2 Rd2+ 24. Kf3 Nd5 25. Ne4 Rd3+ 26. Kf2 Nxf4 27. Rxc6 Rd8 28. Nc5 Rd5 29. b4 Ng6 30. b5 Nxe5 31. Na6+ Kb7 32. Rc7+ Kb6 33. a4 Rd7 34. Rc3 f5 35. h3 g5 36. Re3 Nd3+ 37. Ke2 Nf4+ 38. Kf3 Rd3 39. Rxd3 Nxd3 40. g3 e5 41. Ke3 Nc5 42. Nb4 f4+ 43. gxf4 exf4+ 44. Kf3 Nxa4 45. Kg4 Kxb5 46. Nd3 h6 47. Kh5 Nc5 48. Ne5 a5 49. Kxh6 a4 50. Kxg5 a3 51. h4 a2 52. h5 a1Q 53. Kxf4 Qh1 54. Kg5 Ne6+ 0-1

[Event "CZE-ch U16 Girls"]
[Site "Sec u Chrudimi"]
[Date "2008.03.12"]
[Round "6"]
[White "Miturova, Magdalena"]
[Black "Sabolova, Gabriela"]
[Result "0-1"]
[WhiteElo "1789"]
[BlackElo "1752"]
[PlyCount "108"]
[EventDate "2008.03.08"]
[EventType "swiss"]
[EventRounds "9"]
[EventCountry "CZE"]
[SourceTitle "EXT 2009"]
[Source "ChessBase"]
[SourceDate "2008.11.26"]
[SourceVersion "1"]
[SourceVersionDate "2008.11.26"]
[SourceQuality "1"]

1. e4 e5 2. Nf3 Nc6 3. Bb5 a6 4. Ba4 Nf6 5. 0-0 Be7 6. Re1 b5 7. Bb3 d6 8. c3 0-0 9. d3 Na5 10. Bc2 c5 11. Nbd2 Qc7 12. Nf1 Re8 13. Ng3 Nc6 14. Bb3 Na5 15. Bc2 Nc6 16. a4 Bb7 17. Nf5 Bf8 18. Bg5 Nd7 19. N3h4 h6 20. Bc1 Ne7 21. Qg4 Nxf5 22. Nxf5 Kh8 23. Re3 Bc8 24. Qh4 Nb6 25. a5 Nd7 26. Rg3 Re6 27. d4 c4 28. d5 Rg6 29. Rh3 Nf6 30. f3 Nh7 31. Be3 Kg8 32. Rg3 Bxf5 33. exf5 Rxg3 34. hxg3 Be7 35. Qh3 Bg5 36. Bb6 Qb7 37. Be4 Nf6 38. Rd1 Nd7 39. Bf2 Qc7 40. Bc2 Qxa5 41. f6 Nxf6 42. f4 exf4 43. gxf4 Bxf4 44. Bd4 Be5 45. Bxe5 dxe5 46. d6 Qb6+ 47. Kh1 Rd8 48. d7 e4 49. Qf5 Qc6 50. Rd4 e3 51. Re4 Qxd7 52. Qxd7 Rxd7 53. Rxe3 Rd2 54. Bf5 Rxb2 0-1

[Event "CZE-ch U16 Girls"]
[Site "Sec u Chrudimi"]
[Date "2008.03.11"]
[Round "5"]
[White "Sabolova, Gabriela"]
[Black "Valesova, Sarka"]
[Result "1/2-1/2"]
[WhiteElo "1752"]
[BlackElo "1870"]
[PlyCount "102"]
[EventDate "2008.03.08"]
[EventType "swiss"]
[EventRounds "9"]
[EventCountry "CZE"]
[SourceTitle "EXT 2009"]
[Source "ChessBase"]
[SourceDate "2008.11.26"]
[SourceVersion "1"]
[SourceVersionDate "2008.11.26"]
[SourceQuality "1"]

1. e4 c5 2. Nc3 Nc6 3. g3 g6 4. Bg2 Bg7 5. d3 d6 6. Be3 Nf6 7. f4 Qb6 8. Rb1 Ng4 9. Bd2 c4 10. Nh3 cxd3 11. cxd3 Nb4 12. Bc1 Ne3 13. Bxe3 Qxe3+ 14. Qe2 Nxd3+ 15. Kf1 Qxe2+ 16. Kxe2 Nc5 17. Nd5 Bg4+ 18. Ke3 Rc8 19. Nf2 Be6 20. b3 Bxd5 21. exd5 Na6 22. Rbc1 0-0 23. Rhe1 Nb4 24. Kd2 Bd4 25. Nd3 Nxd3 26. Rxc8 Nxe1 27. Rxf8+ Kxf8 28. Kxe1 Ke8 29. Ke2 Kd7 30. h3 Kc7 31. Kd3 Bf2 32. g4 f5 33. gxf5 gxf5 34. h4 Kd7 35. h5 b5 36. Ke2 Bg1 37. Bf1 b4 38. Kf3 e6 39. dxe6+ Kxe6 40. Bd3 h6 41. Bc2 a5 42. Bd3 Kd5 43. Bxf5 Kd4 44. Be6 Kc3 45. Ke4 Kb2 46. Bd7 Bh2 47. f5 Be5 48. Kd5 Kxa2 49. Ba4 Kb2 50. Ke4 Kc3 51. Kd5 Kd3 1/2-1/2

[Event "CZE-ch U16 Girls"]
[Site "Sec u Chrudimi"]
[Date "2008.03.10"]
[Round "3"]
[White "Sabolova, Gabriela"]
[Black "Olsarova, Karolina"]
[Result "1/2-1/2"]
[WhiteElo "1752"]
[BlackElo "2076"]
[PlyCount "51"]
[EventDate "2008.03.08"]
[EventType "swiss"]
[EventRounds "9"]
[EventCountry "CZE"]
[SourceTitle "EXT 2009"]
[Source "ChessBase"]
[SourceDate "2008.11.26"]
[SourceVersion "1"]
[SourceVersionDate "2008.11.26"]
[SourceQuality "1"]

1. e4 e5 2. Nf3 Nc6 3. Bc4 Nf6 4. d3 Be7 5. c3 0-0 6. Nbd2 d5 7. exd5 Nxd5 8. 0-0 Kh8 9. Re1 f6 10. Nf1 Re8 11. Ng3 Be6 12. Bb3 Bc5 13. Bc2 Qd7 14. d4 exd4 15. Nxd4 Nxd4 16. cxd4 Bb6 17. Re4 g6 18. Qd2 Qg7 19. a4 f5 20. Re5 Bf7 21. Nxf5 gxf5 22. Rxf5 Bxd4 23. Rg5 Qf6 24. Rf5 Qg7 25. Rg5 Qf6 26. Rf5 1/2-1/2

[Event "CZE-ch U16 Girls"]
[Site "Sec u Chrudimi"]
[Date "2008.03.09"]
[Round "2"]
[White "Glaserova, Lucie"]
[Black "Sabolova, Gabriela"]
[Result "0-1"]
[WhiteElo "1452"]
[BlackElo "1752"]
[PlyCount "72"]
[EventDate "2008.03.08"]
[EventType "swiss"]
[EventRounds "9"]
[EventCountry "CZE"]
[SourceTitle "EXT 2009"]
[Source "ChessBase"]
[SourceDate "2008.11.26"]
[SourceVersion "1"]
[SourceVersionDate "2008.11.26"]
[SourceQuality "1"]

1. d4 d5 2. e3 c5 3. c3 e6 4. Bd3 Nc6 5. f4 f5 6. Nf3 Nf6 7. Ne5 Be7 8. 0-0 0-0 9. Nd2 Bd7 10. Ndf3 Be8 11. Bd2 Bh5 12. Be2 Bxf3 13. Rxf3 Bd6 14. Rh3 Bxe5 15. fxe5 Ne4 16. Bd3 Ne7 17. Be1 Qe8 18. Bxe4 fxe4 19. Qg4 Nf5 20. Bh4 Nxh4 21. Qxh4 Qg6 22. Rg3 Qf5 23. Rh3 c4 24. Rb1 a5 25. Qe1 b5 26. a3 b4 27. axb4 axb4 28. cxb4 Rab8 29. Rg3 Rxb4 30. h3 Rb3 31. Rg4 Rfb8 32. Rf4 Qg6 33. Qf2 Qe8 34. Qe2 c3 35. Rf2 Rxb2 36. Rxb2 cxb2 0-1

[Event "CZE-ch U18 Girls/sf U18"]
[Site "Czech Republic"]
[Date "2008.??.??"]
[Round "9"]
[White "Sabolova, Gabriela"]
[Black "Koller, Martin"]
[Result "1/2-1/2"]
[WhiteElo "1869"]
[BlackElo "1622"]
[PlyCount "38"]
[EventDate "2008.??.??"]
[EventType "swiss"]
[EventRounds "9"]
[EventCountry "CZE"]
[SourceTitle "EXT 2011"]
[Source "ChessBase"]
[SourceDate "2010.11.26"]
[SourceVersion "1"]
[SourceVersionDate "2010.11.26"]
[SourceQuality "1"]

1. e4 e6 2. d4 d5 3. e5 c5 4. c3 Nc6 5. Nf3 Qb6 6. Bd3 cxd4 7. cxd4 Bd7 8. Bc2 g6 9. 0-0 Nge7 10. Nc3 Bg7 11. a3 0-0 12. b4 Qc7 13. Ne2 f6 14. exf6 Bxf6 15. Bg5 Nf5 16. Rc1 Qd8 17. Bxf6 Qxf6 18. Qd2 Rac8 19. Bxf5 exf5 1/2-1/2

[Event "CZE-ch U18 Girls/sf U18"]
[Site "Czech Republic"]
[Date "2008.??.??"]
[Round "3"]
[White "Sabolova, Gabriela"]
[Black "Volcik, Ludek"]
[Result "0-1"]
[WhiteElo "1869"]
[BlackElo "1905"]
[PlyCount "66"]
[EventDate "2008.??.??"]
[EventType "swiss"]
[EventRounds "9"]
[EventCountry "CZE"]
[SourceTitle "EXT 2011"]
[Source "ChessBase"]
[SourceDate "2010.11.26"]
[SourceVersion "1"]
[SourceVersionDate "2010.11.26"]
[SourceQuality "1"]

1. e4 c6 2. d4 d5 3. exd5 cxd5 4. c4 Nf6 5. Nc3 e6 6. Nf3 Bb4 7. a3 Bxc3+ 8. bxc3 0-0 9. Bd3 dxc4 10. Bxc4 b6 11. 0-0 Bb7 12. Re1 Qc7 13. Qd3 Nc6 14. Ba2 Na5 15. Bb2 Bd5 16. Bxd5 exd5 17. a4 Nc4 18. Ba3 Rfe8 19. Bb4 Ne4 20. Re2 Rac8 21. Rc2 Re6 22. Ba3 Rce8 23. Bc1 Qe7 24. Bf4 f6 25. h3 g5 26. Bh2 Kh8 27. Kh1 Qg7 28. g4 h5 29. Kg2 Qh7 30. Rh1 Kg7 31. Ng1 hxg4 32. hxg4 Qh4 33. Qf3 Nxf2 0-1

[Event "CZE-ch U16"]
[Site "Sec u Chrudimi"]
[Date "2007.10.23"]
[Round "5"]
[White "Sabolova, Gabriela"]
[Black "Bednar, Marcel"]
[Result "0-1"]
[WhiteElo "1780"]
[BlackElo "2063"]
[PlyCount "102"]
[EventDate "2007.10.20"]
[EventType "swiss"]
[EventRounds "9"]
[EventCountry "CZE"]
[SourceTitle "EXT 2022"]
[Source "ChessBase"]
[SourceDate "2021.10.06"]
[SourceVersion "1"]
[SourceVersionDate "2021.10.06"]
[SourceQuality "1"]

1. d4 Nf6 2. Nf3 g6 3. c4 Bg7 4. Nc3 0-0 5. e4 d6 6. Be2 e5 7. dxe5 dxe5 8. 0-0 Nbd7 9. b3 Re8 10. Bb2 c6 11. Qc2 Qe7 12. Rad1 Nh5 13. g3 Nf8 14. Rfe1 Bh3 15. Bf1 Bxf1 16. Kxf1 Ne6 17. Ne2 f6 18. Kg2 Bf8 19. Rd2 Nhg7 20. Red1 Rad8 21. Rxd8 Rxd8 22. h3 Ne8 23. Nd2 Qd6 24. Nc3 Kf7 25. Nf3 Qc7 26. a3 Nd6 27. Qe2 Ne8 28. b4 a5 29. b5 Nc5 30. a4 Ng7 31. Kf1 Nge6 32. Rxd8 Qxd8 33. Bc1 Qd7 34. Be3 Nd4 35. Qd1 Qxh3+ 36. Kg1 Nxf3+ 37. Qxf3 Qe6 38. Qe2 h5 39. Kg2 Qg4 40. f3 Qd7 41. Qf2 Nd3 42. Qd2 Nc5 43. Qf2 Ne6 44. Qc2 Bc5 45. Qd2 Qxd2+ 46. Bxd2 Bb4 47. Kf2 Nc5 48. Ke3 Nb3 49. Be1 Nd4 50. Kf2 Ke7 51. Ke3 Nc2+ 0-1

[Event "CZE-ch U14 Girls"]
[Site "Zlate Hory"]
[Date "2006.03.14"]
[Round "5"]
[White "Sabolova, Gabriela"]
[Black "Glaserova, Lucie"]
[Result "1/2-1/2"]
[WhiteElo "1560"]
[BlackElo "1250"]
[PlyCount "55"]
[EventDate "2006.03.11"]
[EventType "swiss"]
[EventRounds "9"]
[EventCountry "CZE"]
[SourceTitle "EXT 2008"]
[Source "ChessBase"]
[SourceDate "2007.11.25"]
[SourceVersion "1"]
[SourceVersionDate "2007.11.25"]
[SourceQuality "1"]

1. e4 e5 2. Nf3 Nc6 3. Bc4 Nf6 4. d4 exd4 5. e5 Ng4 6. 0-0 Be7 7. Bf4 d6 8. exd6 cxd6 9. Re1 0-0 10. h3 Nf6 11. Nxd4 Nxd4 12. Qxd4 Bf5 13. Bd3 Bxd3 14. Qxd3 Re8 15. Nc3 Rc8 16. Rad1 a6 17. Ne2 Nh5 18. Bh2 g6 19. Kh1 Bf6 20. c3 Qb6 21. f4 Qxb2 22. Rd2 Qb6 23. Rb1 Qc7 24. Rdb2 Bxc3 25. Rxb7 Qc6 26. f5 Be5 27. fxg6 hxg6 28. Bxe5 1/2-1/2

[Event "CZE-ch U14 Girls"]
[Site "Zlate Hory"]
[Date "2006.03.13"]
[Round "3"]
[White "Sabolova, Gabriela"]
[Black "Zorklerova, Eliska"]
[Result "1/2-1/2"]
[WhiteElo "1560"]
[BlackElo "1250"]
[PlyCount "59"]
[EventDate "2006.03.11"]
[EventType "swiss"]
[EventRounds "9"]
[EventCountry "CZE"]
[SourceTitle "EXT 2008"]
[Source "ChessBase"]
[SourceDate "2007.11.25"]
[SourceVersion "1"]
[SourceVersionDate "2007.11.25"]
[SourceQuality "1"]

1. e4 e5 2. Nf3 Nc6 3. Bc4 Bc5 4. c3 Nf6 5. d4 exd4 6. cxd4 Bb4+ 7. Nc3 d5 8. exd5 Bxc3+ 9. bxc3 Nxd5 10. 0-0 0-0 11. Qd3 Nce7 12. Bg5 Bf5 13. Qd2 c6 14. Rfe1 Re8 15. Bxd5 cxd5 16. Re3 f6 17. Bf4 Ng6 18. Rae1 Qd7 19. Bg3 Re6 20. h4 h5 21. Nh2 Rae8 22. Nf1 Kf7 23. Rxe6 Rxe6 24. Ne3 Ne7 25. Qb2 Rb6 26. Qe2 Qb5 27. Qxh5+ Bg6 28. Qf3 Qd3 29. Rd1 Qxc3 30. Qf4 1/2-1/2